000 00287nam a2200145Ia 4500
100 _aStewart IAN
650 _aGeneral
942 _cBK
654 _ageneral
245 _aDoes God play Dice
260 _bPenguin
_aLondon
_c1990
300 _a310
546 _aENGLISH
999 _c31918
_d31918